000 00680nam a2200229Ia 4500
003 OSt
005 20220925202950.0
006 a|||||r|||| 00| 0
007 ta
008 220923b |||||||| |||| 00| 0 eng d
037 _cGeneral Book
040 _aRTL
_cRTL
_beng
041 _2eng
_aeng
082 _aX:77:(D5125).2, L0
100 _aSHARMA R P
_925711
245 0 _aGrowth and development of bicycle industry in India.
260 _aDelhi
_bUniversity of Delhi
_c1970
300 _aiv,340p.
_ccm.
500 _aBibliography :P.336-340; Appendix :307-335p.
942 _hX:77:(D5125).2, L0
_cGB
_2CC
999 _c544776
_d544776